Wideband tactical packet Radio / (Record no. 183909)

000 -LEADER
fixed length control field 00921 a2200193 4500
003 - CONTROL NUMBER IDENTIFIER
control field NUST
005 - DATE AND TIME OF LATEST TRANSACTION
control field 20251121143250.0
040 ## - CATALOGING SOURCE
Transcribing agency Nust
082 ## - DEWEY DECIMAL CLASSIFICATION NUMBER
Classification number 621.382,SAR
100 ## - MAIN ENTRY--PERSONAL NAME
Personal name Sarwar , NC Sajjad (TCC-17A)
9 (RLIN) 131981
245 ## - TITLE STATEMENT
Title Wideband tactical packet Radio /
Statement of responsibility, etc. NC Sajjad Sarwar, NC Saba Irshad, PC Anum Aftab and NC Hammad Kabir
260 ## - PUBLICATION, DISTRIBUTION, ETC.
Place of publication, distribution, etc. Rawalpindi
Name of publisher, distributor, etc. MCS (NUST)
Date of publication, distribution, etc. 2009
300 ## - PHYSICAL DESCRIPTION
Extent 69 p.;
505 ## - FORMATTED CONTENTS NOTE
Formatted contents note Introduction (Page-1), Universal Software Radio Peripheral (USRP) (Page-6), GNU Radio Installation (Page-13), GNU Radio Companion (Page-20), Single Carrier Physical Layer Design (Page-24), Multi-Carrier (OFDM) Physical Layer Design (Page-39), Data Link Layer (Page-50),Encryption (Page-530, Virtual Ethernet adapter (VEA) (Page-62), References (Page-68).
650 ## - SUBJECT ADDED ENTRY--TOPICAL TERM
Topical term or geographic name entry element UG Projects
9 (RLIN) 98716
651 ## - SUBJECT ADDED ENTRY--GEOGRAPHIC NAME
Geographic name TCC-17A
9 (RLIN) 131971
700 ## - ADDED ENTRY--PERSONAL NAME
Personal name Supervised by Maj Dr. Adnan Rashdi
9 (RLIN) 131982
942 ## - ADDED ENTRY ELEMENTS (KOHA)
Koha item type Project Report
Source of classification or shelving scheme
Holdings
Withdrawn status Lost status Source of classification or shelving scheme Damaged status Not for loan Permanent Location Current Location Shelving location Date acquired Full call number Barcode Date last seen Price effective from Koha item type Public note
          Military College of Signals (MCS) Military College of Signals (MCS) Reference 12/12/2016 621.382,SAR MCSPTC-106 12/08/2016 12/12/2016 Project Report Almirah No. 94, Shelf No. 2
© 2023 Central Library, National University of Sciences and Technology. All Rights Reserved.